Liverpool Current Squad by Photos (24/25) - Statistics

General Stats
  • This quiz has been taken 66 times
  • The average score is 19 of 25
Answer Stats
Picture Hint Answer % Correct
#1 Alisson
100%
#4 Virgil van Dijk
92%
#11 Mohamed Salah
90%
#26 Andrew Robertson
86%
#18 Cody Gakpo
86%
#9 Darwin Núñez
86%
#20 Diogo Jota
86%
#5 Ibrahima Konaté
86%
#2 Joe Gomez
86%
#10 Alexis Mac Allister
84%
#7 Luis Díaz
84%
#66 Trent Alexander-Arnold
84%
#14 Federico Chiesa
82%
#19 Harvey Elliott
82%
#3 Wataru Endo
82%
#17 Curtis Jones
80%
#8 Dominik Szoboszlai
80%
#21 Konstantinos Tsimikas
78%
#38 Ryan Gravenberch
78%
#62 Caoimhín Kelleher
74%
#84 Conor Bradley
74%
#78 Jarell Quansah
66%
#80 Tyler Morton
40%
#56 Vitezslav Jaros
40%
#95 Harvey Davies
22%
No matching quizzes found
Score Distribution
Percent of People with Each Score
Percentile by Number Answered
Your Score History
You have not taken this quiz